Southville International School and Colleges
Your cart is empty.
  • Cart
  • Lists
    Public lists Eva Luna New books Lux_list list_1
    Your lists Log in to create your own lists
  • Log in to your account
  • Your cookies
  • Search history
Southville International School and Colleges
  • Advanced search
  • Recent comments
  • Most popular
  • Libraries

Log in to your account

Log in with GOOGLE


If you do not have an external account, but do have a local account, you can still log in:

  1. Home
  2. MARC view: I am really a Princess /
Normal view MARC view ISBD view

I am really a Princess / (Record no. 102663)

[ view plain ]
MARC details
000 -LEADER
fixed length control field 00571nam a2200181 a 4500
005 - DATE AND TIME OF LATEST TRANSACTION
control field 20140412111240.0
008 - FIXED-LENGTH DATA ELEMENTS--GENERAL INFORMATION
fixed length control field 010710s19uu xx 00 eng d
020 ## - INTERNATIONAL STANDARD BOOK NUMBER
International Standard Book Number 0-14-055857-8
050 ## - LIBRARY OF CONGRESS CALL NUMBER
Classification number TR(PS E
Item number Ia1 1993
100 ## - MAIN ENTRY--PERSONAL NAME
Personal name Shields, Carol Diggory
245 ## - TITLE STATEMENT
Title I am really a Princess /
Statement of responsibility, etc Caroll Diggory Shields; illustrated by Paul Meisel.
260 ## - PUBLICATION, DISTRIBUTION, ETC. (IMPRINT)
Place of publication, distribution, etc New York :
Name of publisher, distributor, etc Puffin Unicorn Books,
Date of publication, distribution, etc 1993.
300 ## - PHYSICAL DESCRIPTION
Extent 1v. (unp.) ; ill.
500 ## - GENERAL NOTE
General note An IRA-CBC Children's choice for 1994
650 ## - SUBJECT ADDED ENTRY--TOPICAL TERM
Topical term or geographic name as entry element Children's stories
650 ## - SUBJECT ADDED ENTRY--TOPICAL TERM
Topical term or geographic name as entry element Princess-Faculty
Holdings
Withdrawn status Lost status Damaged status Use restrictions Home library Current library Shelving location Date acquired Source of acquisition Cost, normal purchase price Total Checkouts Full call number Barcode Date last seen Price effective from Koha item type
        Elizalde Library Elizalde Library Teachers Reference Section 07/10/2001   152.00   TR(PS E Ia1 1993 E2397 04/12/2014 04/12/2014 Books

I am really a Princess /

APA

Shields C. D., . (1993). I am really a Princess. New York: Puffin Unicorn Books.

Chicago

Shields Carol Diggory, . 1993. I am really a Princess. New York: Puffin Unicorn Books.

Harvard

Shields C. D., . (1993). I am really a Princess. New York: Puffin Unicorn Books.

MLA

Shields Carol Diggory, . I am really a Princess. New York: Puffin Unicorn Books. 1993.

  • Place hold
  • Print
  • Cite
  • Add to your cart (remove)
  • Save record
    BIBTEX Dublin Core MARCXML MARC (non-Unicode/MARC-8) MARC (Unicode/UTF-8) MARC (Unicode/UTF-8, Standard) MODS (XML) RIS
  • More searches
    Search for this title in:
    Other Libraries (WorldCat) Other Databases (Google Scholar) Online Stores (Bookfinder.com) Open Library (openlibrary.org)

Exporting to Dublin Core...

SOUTHVILLE LIBRARY

Southville International School and Colleges Library

1281 Tropical Ave. Cor. Luxembourg St., BF Homes International, Las Pinas City

Tel. No. 8256374 / 252358 Loc. 117/146

Powered by Koha